Tabla de contenidos: volumen 42, número 2, 2019
Сохранить в:
| Формат: | |
|---|---|
| Язык: | Spanish |
| Метки: |
Добавить метку
Нет меток, Требуется 1-ая метка записи!
|
MARC
| LEADER | 00000nam a22000007a 4500 | ||
|---|---|---|---|
| 003 | cru IIS | ||
| 005 | 20220512142018.0 | ||
| 007 | ta | ||
| 008 | 220512s2019 dr |||p|r|||| 00| spa d | ||
| 040 | |c cru IIS | ||
| 245 | |a Tabla de contenidos: |b volumen 42, número 2, 2019 | ||
| 505 | |a Contenido: 1.Editorial / Dr. Jorge Ulloa Hung. -- 2.La investigación científica como motor para el éxito de la publicidad /Rita María Pérez Pérez. -- 3.“Mírame a los ojos”: comprender el autismo desde quien lo vive / Rocío Hernández-Mella, Patricia de Meza-Pérez, José Morel-Camacho, Cynthia Olivier-Sterling, Laura Peña-Lantigua, Nicole Ramírez-Jiménez. -- 4.Discusión de la aplicabilidad del desarrollo sostenible desde las políticas públicas en la República Dominicana y en Colombia según la adaptación educativa de la Agenda 2030 /Jacqueline Murillo Garnica. -- 5.La defensa del humanismo en el libro Narratividad del saber humanístico de Manuel Matos Moquete /Julio Minaya Santos. -- 6.Octavio Paz como crítico de arte: la visión lúdica y contemplativa del mundo / Basilio Belliard. -- 7.Una aproximación al libro Percepción y creatividad de Huberto Bogaert García / Rocío Hernández-Mella | ||
| 773 | 0 | |0 19477 |9 7105 |a Instituto Tecnológico de Santo Domingo, INTEC (República Dominicana) |d Santo Domingo, República Dominicana: Instituto Tecnológico de Santo Domingo, 1975- |o 22556 |t Ciencia y Sociedad / |x 03787680 | |
| 942 | |2 ddc |c PP | ||
| 999 | |c 44238 |d 44238 | ||
